ჯარისკაცის ბედი : (ბიბ.ჩანაწერი № 39850)
[ მარტივი ფორმატი ]
| 000 -ლიდერი | |
|---|---|
| ფიქსირებული სიგრძის საკონტროლო ველი | 00845nam a2200217Ia 4500 |
| 001 - საკონტროლო ნომერი | |
| საკონტროლო ველი | 6455 |
| 003 - საკონტროლო ნომრის იდენტიფიკატორი | |
| საკონტროლო ველი | GE_BSU |
| 005 - ბოლო ოპერაციის თარიღი და დრო | |
| საკონტროლო ველი | 20191010170710.0 |
| 008 - ფიქსირებული სიგრძის მონაცემთა ელემენტები - ზოგადი ინფორმაცია | |
| ფიქსირებული სიგრძის საკონტროლო ველი | 181216s1954||||ge |||||||||||||| ||g || |
| 040 ## - კატალოგიზაციის წყარო | |
| Transcribing agency | GE_BSU |
| 041 ## - ენის კოდი | |
| Language code of text/sound track or separate title | geo |
| 080 ## - უნივერსალური ათობითი კლასიფიკაციის ინდექსი | |
| Universal Decimal Classification number | 821.133.1-31 ბ-50 |
| 100 ## - მთავარი ჩანაწერი - პიროვნების სახელი | |
| Personal name | ბეჟანიშვილი, ოსტომ |
| 9 (RLIN) | 4682 |
| 245 ## - ცნობა სათაურის შესახებ | |
| Title | ჯარისკაცის ბედი : |
| Remainder of title | რომანი / |
| Statement of responsibility, etc | როსტომ ბეჟანიშვილი ; რედ. დ. ბენაშვილი. |
| 264 ## - წარმოების, გამოცემის, დისტრიბუციის და სხვა ცნობები | |
| გამოცემის, წარმოების, დისტრიბუციის... ადგილი | თბილისი : |
| გამოცემის, წარმოების, დისტრიბუციის... სახელწოდება | საბჭ.მწერალი ; |
| გამოცემის, წარმოების, დისტრიბუციის... თარიღი | 1954. |
| 300 ## - ფიზიკური აღწერა | |
| Extent | 261 გვ. ; |
| Dimensions | 21 სმ. |
| 653 ## - INDEX TERM--UNCONTROLLED | |
| Uncontrolled term | ჯარისკაცის ბედი |
| 653 ## - INDEX TERM--UNCONTROLLED | |
| Uncontrolled term | რომანი |
| 700 ## - ADDED ENTRY--PERSONAL NAME | |
| Personal name | ბენაშვილი, დ. |
| Relator term | რედაქტორი |
| 9 (RLIN) | 4319 |
| 942 ## - ADDED ENTRY ELEMENTS (KOHA) | |
| Koha item type | წიგნი |
| Source of classification or shelving scheme | |
| ჩამოწერის სტატუსი | დაკარგული ეგზემპლარის სტატუსი | კლასიფიკაციის წყარო ან თაროზე გაწყობის სქემა | დაზიანების სტატუსი | არ გაიცემა | მუდმივი მდებარეობა (დაცვის ადგილი) | ამჟამინდელი ადგილსამყოფელი | თაროზე განთავსების ადგილი | შეძენის თარიღი | ღირებულება, შესყიდვის ნორმალური ფასი | სრული შენახვის შიფრი | შტრიხკოდი | ბოლო ოპერაციის თარიღი | ეგზემპლარის მიმდევრობითი ნომერი (კეტერი?) | ფასის ძალაში შესვლის თარიღი | ეგზემპლარის სახეობა | საჯარო შენიშვნა |
|---|---|---|---|---|---|---|---|---|---|---|---|---|---|---|---|---|
| ბათუმის შოთა რუსთაველის სახელმწიფო უნივერსიტეტის მთავარი ბიბლიოთეკა | ბათუმის შოთა რუსთაველის სახელმწიფო უნივერსიტეტის მთავარი ბიბლიოთეკა | წიგნსაცავი | 2018-12-17 | 12.00 | 821.133.1-31 ბ-50 | 14059 | 2018-12-17 | 14059 | 2018-12-17 | წიგნი | 12 ლ. | |||||
| ბათუმის შოთა რუსთაველის სახელმწიფო უნივერსიტეტის მთავარი ბიბლიოთეკა | ბათუმის შოთა რუსთაველის სახელმწიფო უნივერსიტეტის მთავარი ბიბლიოთეკა | წიგნსაცავი | 2018-12-17 | 12.00 | 821.133.1-31 ბ-50 | 14060 | 2018-12-17 | 14060 | 2018-12-17 | წიგნი | 12 ლ. | |||||
| ბათუმის შოთა რუსთაველის სახელმწიფო უნივერსიტეტის მთავარი ბიბლიოთეკა | ბათუმის შოთა რუსთაველის სახელმწიფო უნივერსიტეტის მთავარი ბიბლიოთეკა | წიგნსაცავი | 2018-12-17 | 12.00 | 821.133.1-31 ბ-50 | 14061 | 2018-12-17 | 14061 | 2018-12-17 | წიგნი | 12 ლ. | |||||
| ბათუმის შოთა რუსთაველის სახელმწიფო უნივერსიტეტის მთავარი ბიბლიოთეკა | ბათუმის შოთა რუსთაველის სახელმწიფო უნივერსიტეტის მთავარი ბიბლიოთეკა | წიგნსაცავი | 2018-12-17 | 12.00 | 821.133.1-31 ბ-50 | 14062 | 2018-12-17 | 14062 | 2018-12-17 | წიგნი | 12 ლ. | |||||
| ბათუმის შოთა რუსთაველის სახელმწიფო უნივერსიტეტის მთავარი ბიბლიოთეკა | ბათუმის შოთა რუსთაველის სახელმწიფო უნივერსიტეტის მთავარი ბიბლიოთეკა | წიგნსაცავი | 2018-12-17 | 12.00 | 821.133.1-31 ბ-50 | 14063 | 2018-12-17 | 14063 | 2018-12-17 | წიგნი | 12 ლ. | |||||
| ბათუმის შოთა რუსთაველის სახელმწიფო უნივერსიტეტის მთავარი ბიბლიოთეკა | ბათუმის შოთა რუსთაველის სახელმწიფო უნივერსიტეტის მთავარი ბიბლიოთეკა | წიგნსაცავი | 2018-12-17 | 12.00 | 821.133.1-31 ბ-50 | 14064 | 2018-12-17 | 14064 | 2018-12-17 | წიგნი | 12 ლ. |
